Normal view
MARC view
- Purohit, Sudha G., Sharad D .Gore, ShailajaR .Deshmukh
Entry Personal Name
001 - CONTROL NUMBER
- control field: 5881
003 - CONTROL NUMBER IDENTIFIER
- control field: JO-AjAnu
005 - DATE AND TIME OF LATEST TRANSACTION
- control field: 20230606071245.0
008 - FIXED-LENGTH DATA ELEMENTS
- fixed length control field: 230606|| aca||aabn | a|a d
040 ## - CATALOGING SOURCE
- Original cataloging agency: JO-AjAnu
- Transcribing agency: JO-AjAnu
100 ## - HEADING--PERSONAL NAME
- Personal name: Purohit, Sudha G., Sharad D .Gore, ShailajaR .Deshmukh
670 ## - SOURCE DATA FOUND
- Source citation: Work cat.: (JO-AjAnu)3049: Purohit, Sudha G., Sharad D .Gore, ShailajaR .Deshmukh, author, Statistics Using R